[Event "Monarch Assurance Isle of Man 9th"]
[Site "Port Erin IOM"]
[Date "2000.10.18"]
[Round "5.4"]
[White "Bergstrom, Rolf"]
[Black "Sutovsky, Emil"]
[Result "0-1"]
[WhiteElo "2308"]
[BlackElo "2609"]
[PlyCount "112"]
[EventDate "2000.10.14"]
[EventType "swiss"]
[EventRounds "9"]
[EventCountry "IOM"]
[SourceTitle "BritBase"]
[SourceDate "2008.07.14"]
[SourceVersion "1"]
[SourceVersionDate "2008.07.14"]
[SourceQuality "2"]

1. e4 c5 2. Nf3 d6 3. Bc4 Nf6 4. d3 Nc6 5. c3 g6 6. O-O Bg7 7. Bb3 O-O 8. h3 b6
9. d4 Ba6 10. Re1 cxd4 11. cxd4 Nb4 12. e5 dxe5 13. dxe5 Nfd5 14. Qd4 Rc8 15.
Na3 Nd3 16. Rd1 Nxc1 17. Raxc1 Rxc1 18. Rxc1 Bb7 19. Rd1 e6 20. Nb5 Qb8 21. Re1
Ne7 22. Qd7 Nf5 23. Ng5 Bc8 24. Qxa7 Bxe5 25. Qxb8 Bxb8 26. Rd1 Be5 27. Nc3 Nd4
28. Bc4 Bb7 29. Nge4 Rc8 30. Bd3 Nf5 31. Kf1 Rd8 32. Ke2 Nh4 33. g3 Nf5 34. f4
Bxc3 35. Nxc3 Nxg3+ 36. Ke3 Kg7 37. Na4 Nf5+ 38. Kf2 Rd4 39. Nxb6 Rxf4+ 40. Ke1
Ne3 41. Rb1 Ng2+ 42. Kd2 Rf2+ 43. Kc3 Rf3 44. Nd7 Nf4 45. Nc5 Nxd3 46. Nxd3 Ba6
47. Rd1 Rxh3 48. a4 Kf6 49. b4 Bxd3 50. Rxd3 Rxd3+ 51. Kxd3 Ke7 52. b5 h5 53.
a5 Kd7 54. Kc4 h4 55. a6 Kc8 56. Kc5 h3 0-1

[Event "Monarch Assurance Isle of Man 9th"]
[Site "Port Erin IOM"]
[Date "2000.10.18"]
[Round "5.5"]
[White "Allen, Keith"]
[Black "Volkov, Sergey"]
[Result "0-1"]
[WhiteElo "2250"]
[BlackElo "2554"]
[PlyCount "68"]
[EventDate "2000.10.14"]
[EventType "swiss"]
[EventRounds "9"]
[EventCountry "IOM"]
[SourceTitle "BritBase"]
[SourceDate "2008.07.14"]
[SourceVersion "1"]
[SourceVersionDate "2008.07.14"]
[SourceQuality "2"]

1. d4 d5 2. c4 c6 3. cxd5 cxd5 4. Nc3 Nf6 5. Nf3 Nc6 6. Bf4 Nh5 7. Be5 e6 8. e3
Be7 9. Bd3 O-O 10. Rc1 Bd7 11. O-O f6 12. Bg3 Be8 13. a3 g5 14. Qc2 Kg7 15. Na4
g4 16. Nd2 Nxg3 17. hxg3 Bd6 18. Nc5 Qe7 19. Be2 h5 20. b4 f5 21. Nd3 h4 22.
Nf4 Rh8 23. Rfd1 Qf6 24. Nb3 b6 25. Qd2 Ne7 26. Rc3 Ba4 27. Ba6 Kf7 28. Rdc1
Qh6 29. Qd3 hxg3 30. fxg3 Qh2+ 31. Kf2 Rh3 32. Nxh3 Bxg3+ 33. Ke2 gxh3 34. e4
hxg2 0-1

[Event "Monarch Assurance Isle of Man 9th"]
[Site "Port Erin IOM"]
[Date "2000.10.18"]
[Round "5.6"]
[White "Ward, Chris"]
[Black "Peters, Stephen"]
[Result "1-0"]
[WhiteElo "2510"]
[BlackElo "2157"]
[PlyCount "63"]
[EventDate "2000.10.14"]
[EventType "swiss"]
[EventRounds "9"]
[EventCountry "IOM"]
[SourceTitle "BritBase"]
[SourceDate "2008.07.14"]
[SourceVersion "1"]
[SourceVersionDate "2008.07.14"]
[SourceQuality "2"]

1. d4 Nf6 2. c4 g6 3. Nc3 Bg7 4. e4 d6 5. f3 O-O 6. Nge2 e5 7. Be3 c6 8. Qd2
Nbd7 9. O-O-O a6 10. Kb1 b5 11. d5 cxd5 12. Nxd5 Nxd5 13. Qxd5 Rb8 14. cxb5 Nb6
15. Qxd6 Qxd6 16. Rxd6 Nc4 17. Rd3 Rxb5 18. Bc1 Be6 19. b3 Rfb8 20. Nc3 Ra5 21.
Be2 Bf8 22. Rhd1 Be7 23. Nd5 Na3+ 24. Bxa3 Bxa3 25. Nc7 Rb6 26. Nxe6 Rxe6 27.
Rd7 Rc5 28. Bc4 Rf6 29. Ra7 Rcc6 30. Rdd7 Bc5 31. Bxf7+ Rxf7 32. Rxf7 1-0

[Event "Monarch Assurance Isle of Man 9th"]
[Site "Port Erin IOM"]
[Date "2000.10.18"]
[Round "5.7"]
[White "Arkell, Keith"]
[Black "Palliser, Richard"]
[Result "1-0"]
[WhiteElo "2481"]
[BlackElo "2322"]
[PlyCount "169"]
[EventDate "2000.10.14"]
[EventType "swiss"]
[EventRounds "9"]
[EventCountry "IOM"]
[SourceTitle "BritBase"]
[SourceDate "2008.07.14"]
[SourceVersion "1"]
[SourceVersionDate "2008.07.14"]
[SourceQuality "2"]

1. e4 c5 2. Nf3 d6 3. c4 Bg4 4. Be2 Nc6 5. d3 g6 6. Nbd2 Bg7 7. h3 Bd7 8. Rb1
a6 9. a3 b5 10. b4 cxb4 11. axb4 a5 12. bxa5 bxc4 13. Nxc4 Nxa5 14. Nb6 Rb8 15.
Be3 Nf6 16. Nxd7 Nxd7 17. Rxb8 Nxb8 18. Qa4+ Nac6 19. O-O O-O 20. Rb1 d5 21.
Rb7 Qd6 22. Qb5 dxe4 23. dxe4 Nd7 24. Qd5 Nf6 25. Qxd6 exd6 26. Nd2 d5 27. Bb5
Nd8 28. Ra7 Ne6 29. e5 Ne4 30. Nf3 Rd8 31. Nd4 Nxd4 32. Bxd4 Ng5 33. Bd7 Rb8
34. f4 Ne6 35. Bxe6 fxe6 36. Re7 Rb4 37. Be3 Bf8 38. Rd7 Rb3 39. Ba7 Rb4 40. g3
Rb3 41. Kg2 h5 42. g4 hxg4 43. hxg4 Rc3 44. f5 gxf5 45. gxf5 exf5 46. e6 Rc6
47. e7 Bxe7 48. Rxe7 Rg6+ 49. Kf3 Rg7 50. Re8+ Kf7 51. Re5 Kf6 52. Bd4 Rg4 53.
Rxd5+ Ke6 54. Re5+ Kd6 55. Bb2 Rb4 56. Re2 Kd5 57. Bg7 Re4 58. Ra2 Ke6 59. Bh6
Rb4 60. Ra6+ Kd5 61. Bg5 Rb1 62. Bf6 Rf1+ 63. Ke3 Re1+ 64. Kf4 Rf1+ 65. Kg5
Rg1+ 66. Kxf5 Rf1+ 67. Kg6 Rg1+ 68. Kf7 Rb1 69. Ra5+ Ke4 70. Re5+ Kd3 71. Ke6
Rb6+ 72. Kf5 Rb8 73. Rd5+ Ke3 74. Bg5+ Kf3 75. Rd3+ Ke2 76. Re3+ Kf2 77. Kg4
Rg8 78. Re5 Rg7 79. Re8 Rg6 80. Rf8+ Ke2 81. Rd8 Rg7 82. Rd2+ Ke1 83. Rg2 Kf1
84. Ra2 Rg8 85. Kf3 {(corrected score 20.10.00)} 1-0

[Event "Monarch Assurance Isle of Man 9th"]
[Site "Port Erin IOM"]
[Date "2000.10.18"]
[Round "5.8"]
[White "Kosteniuk, Alexandra"]
[Black "Cooper, Lawrence"]
[Result "1/2-1/2"]
[WhiteElo "2398"]
[BlackElo "2345"]
[PlyCount "98"]
[EventDate "2000.10.14"]
[EventType "swiss"]
[EventRounds "9"]
[EventCountry "IOM"]
[SourceTitle "BritBase"]
[SourceDate "2008.07.14"]
[SourceVersion "1"]
[SourceVersionDate "2008.07.14"]
[SourceQuality "2"]

1. e4 e5 2. Nf3 Nc6 3. Bb5 a6 4. Ba4 Nf6 5. O-O Be7 6. Re1 b5 7. Bb3 O-O 8. a4
Bb7 9. d3 d6 10. Nbd2 Nb4 11. Nf1 c5 12. Ng3 Qc7 13. c3 Nxd3 14. Qxd3 c4 15.
Bxc4 bxc4 16. Qe2 Rfe8 17. Bg5 h6 18. Bxf6 Bxf6 19. Nd2 d5 20. exd5 Bxd5 21.
Nde4 Qc6 22. Qg4 Be7 23. Re3 Rab8 24. Nf5 Qg6 25. Qh3 Bg5 26. Nxg5 hxg5 27. Qg4
f6 28. Nd6 Red8 29. Nxc4 Qf7 30. b3 Rxb3 31. Rd1 Rdb8 32. Nd6 Qe6 33. Qxe6+
Bxe6 34. c4 Rxe3 35. fxe3 Rb2 36. c5 Rc2 37. Nb7 Bf5 38. Rd8+ Kh7 39. Nd6 Be6
40. Nb7 Bf5 41. Nd6 Be6 42. Nb7 Bb3 43. a5 Ba4 44. Rd6 Bb5 45. h3 f5 46. Re6 e4
47. g3 Rc1+ 48. Kf2 Rc2+ 49. Kg1 Rc1+ 1/2-1/2

[Event "Monarch Assurance Isle of Man 9th"]
[Site "Port Erin IOM"]
[Date "2000.10.18"]
[Round "5.9"]
[White "Marusenko, Petr"]
[Black "Quinn, Mark"]
[Result "0-1"]
[WhiteElo "2327"]
[BlackElo "2381"]
[PlyCount "84"]
[EventDate "2000.10.14"]
[EventType "swiss"]
[EventRounds "9"]
[EventCountry "IOM"]
[SourceTitle "BritBase"]
[SourceDate "2008.07.14"]
[SourceVersion "1"]
[SourceVersionDate "2008.07.14"]
[SourceQuality "2"]

1. e4 Nc6 2. d4 d6 3. Nc3 Nf6 4. Be2 g6 5. Be3 Bg7 6. Nf3 Bg4 7. O-O O-O 8. Re1
Nd7 9. d5 Bxf3 10. Bxf3 Nce5 11. Be2 Nb6 12. a4 c5 13. Qc1 e6 14. Bg5 f6 15.
Bh4 exd5 16. exd5 g5 17. Bg3 f5 18. f4 Ng6 19. Rf1 g4 20. a5 Nd7 21. a6 Rb8 22.
Nb5 Qb6 23. axb7 c4+ 24. Bf2 Qxb5 25. Rxa7 Nc5 26. c3 Rxb7 27. Rxb7 Nxb7 28.
Rd1 Nc5 29. b4 Nd7 30. Qe3 Kh8 31. Rd4 Nb6 32. Bf1 Re8 33. Qd2 Kg8 34. Qc2 Bxd4
35. Bxd4 Re4 36. Bf2 Nxf4 37. Qa2 Nbxd5 38. Qa8+ Re8 39. Qa7 Nxc3 40. Qc7 Nce2+
41. Kh1 Qd5 42. Qd7 Ra8 0-1

[Event "Monarch Assurance Isle of Man 9th"]
[Site "Port Erin IOM"]
[Date "2000.10.18"]
[Round "5.10"]
[White "Plaskett, James"]
[Black "Valenti, Richard"]
[Result "1-0"]
[WhiteElo "2529"]
[BlackElo "2157"]
[PlyCount "63"]
[EventDate "2000.10.14"]
[EventType "swiss"]
[EventRounds "9"]
[EventCountry "IOM"]
[SourceTitle "BritBase"]
[SourceDate "2008.07.14"]
[SourceVersion "1"]
[SourceVersionDate "2008.07.14"]
[SourceQuality "2"]

1. d4 Nf6 2. c4 c5 3. d5 e5 4. Nc3 d6 5. e4 Be7 6. Bd3 Nbd7 7. Nf3 Nf8 8. h3
Ng6 9. g3 h5 10. h4 Bg4 11. Be2 a6 12. Be3 Bd7 13. Nh2 b5 14. Bg5 b4 15. Bxf6
bxc3 16. Bxe7 Nxe7 17. bxc3 Qa5 18. Qd2 Ng8 19. Rb1 Nf6 20. Bd3 Bh3 21. f3 O-O
22. Kf2 Rab8 23. g4 hxg4 24. fxg4 Nxg4+ 25. Kg3 Rxb1 26. Rxb1 f5 27. Kxh3 fxe4
28. Nxg4 Rf3+ 29. Kg2 Rxd3 30. Rb8+ Kh7 31. Qg5 Qxa2+ 32. Nf2 1-0

[Event "Monarch Assurance Isle of Man 9th"]
[Site "Port Erin IOM"]
[Date "2000.10.18"]
[Round "5.11"]
[White "Gormally, Daniel W"]
[Black "Clark, Stephen P"]
[Result "1/2-1/2"]
[WhiteElo "2499"]
[BlackElo "2133"]
[PlyCount "55"]
[EventDate "2000.10.14"]
[EventType "swiss"]
[EventRounds "9"]
[EventCountry "IOM"]
[SourceTitle "BritBase"]
[SourceDate "2008.07.14"]
[SourceVersion "1"]
[SourceVersionDate "2008.07.14"]
[SourceQuality "2"]

1. d4 d5 2. c4 c6 3. Nf3 Nf6 4. Qc2 g6 5. Bf4 Na6 6. c5 Bf5 7. Qb3 Qc8 8. e3
Nc7 9. Nc3 Bg7 10. Be2 O-O 11. O-O Re8 12. Qd1 h5 13. b4 Nd7 14. Nh4 Nf8 15.
Nxf5 gxf5 16. Bxh5 Ng6 17. Bxg6 fxg6 18. Be5 Bxe5 19. dxe5 Qe6 20. Qd4 Kf7 21.
f4 Rh8 22. h3 Rag8 23. Qd3 g5 24. Ne2 Qg6 25. fxg5 e6 26. e4 Qxg5 27. Rf2 dxe4
28. Qd7+ 1/2-1/2

[Event "Monarch Assurance Isle of Man 9th"]
[Site "Port Erin IOM"]
[Date "2000.10.18"]
[Round "5.12"]
[White "Gladyszev, Oleg"]
[Black "Hickman, John"]
[Result "1-0"]
[WhiteElo "2351"]
[BlackElo "2121"]
[PlyCount "33"]
[EventDate "2000.10.14"]
[EventType "swiss"]
[EventRounds "9"]
[EventCountry "IOM"]
[SourceTitle "BritBase"]
[SourceDate "2008.07.14"]
[SourceVersion "1"]
[SourceVersionDate "2008.07.14"]
[SourceQuality "2"]

1. d4 d6 2. Nf3 Bg4 3. c4 Nd7 4. e4 e5 5. Be2 Be7 6. Nc3 Ngf6 7. Be3 c6 8. O-O
O-O 9. Qc2 Ne8 10. Rad1 Bf6 11. dxe5 Bxe5 12. Nxe5 Nxe5 13. c5 Bxe2 14. Qxe2
Qc7 15. f4 Nd7 16. cxd6 Nxd6 17. Qd3 1-0

[Event "Monarch Assurance Isle of Man 9th"]
[Site "Port Erin IOM"]
[Date "2000.10.18"]
[Round "5.13"]
[White "McLeod, Fraser"]
[Black "Rayner, Francis"]
[Result "1/2-1/2"]
[WhiteElo "2132"]
[BlackElo "2256"]
[PlyCount "67"]
[EventDate "2000.10.14"]
[EventType "swiss"]
[EventRounds "9"]
[EventCountry "IOM"]
[SourceTitle "BritBase"]
[SourceDate "2008.07.14"]
[SourceVersion "1"]
[SourceVersionDate "2008.07.14"]
[SourceQuality "2"]

1. d4 Nf6 2. c4 e6 3. Nc3 Bb4 4. e3 b6 5. Nge2 Ne4 6. Qc2 Bb7 7. a3 Bxc3+ 8.
Nxc3 Nxc3 9. Qxc3 O-O 10. f3 f5 11. Bd2 Qh4+ 12. Kd1 c5 13. dxc5 bxc5 14. Be1
Qe7 15. Kc2 Nc6 16. Rd1 f4 17. exf4 Rxf4 18. Bf2 e5 19. Be3 Rff8 20. Kb1 Rab8
21. Bd3 Nd4 22. Rhe1 Qf6 23. h4 Bc6 24. Bc2 Nxc2 25. Qxc2 e4 26. Bxc5 Ba4 27.
Qd2 Bxd1 28. Bxf8 e3 29. Rxe3 Kxf8 30. Re4 Ba4 31. Rf4 Rxb2+ 32. Qxb2 Qxf4 33.
Qb4+ Kf7 34. Qxa4 1/2-1/2

[Event "Monarch Assurance Isle of Man 9th"]
[Site "Port Erin IOM"]
[Date "2000.10.18"]
[Round "5.14"]
[White "Ellison, D George"]
[Black "Jackson, Adrian"]
[Result "0-1"]
[WhiteElo "2100"]
[BlackElo "2207"]
[PlyCount "68"]
[EventDate "2000.10.14"]
[EventType "swiss"]
[EventRounds "9"]
[EventCountry "IOM"]
[SourceTitle "BritBase"]
[SourceDate "2008.07.14"]
[SourceVersion "1"]
[SourceVersionDate "2008.07.14"]
[SourceQuality "2"]

1. e4 c5 2. c3 Nf6 3. e5 Nd5 4. Nf3 Nc6 5. d4 cxd4 6. cxd4 d6 7. Bc4 Nb6 8. Bb3
d5 9. Be3 Bg4 10. Nbd2 e6 11. a3 Be7 12. Bc2 Bf5 13. Bxf5 exf5 14. Qb1 Qd7 15.
Qd3 h6 16. h4 O-O-O 17. b4 Kb8 18. Nb3 Nc4 19. Nfd2 Rc8 20. f4 Bxb4 21. Nc5
Bxc5 22. dxc5 Nxe3 23. Qxe3 Qe7 24. Rc1 f6 25. Nf3 g5 26. hxg5 hxg5 27. Kf2
Rxh1 28. Rxh1 gxf4 29. Qxf4 fxe5 30. Qxf5 Rf8 31. Qg4 e4 32. Rh7 Qxc5+ 33. Kg3
Rxf3+ 34. gxf3 Qg1+ 0-1

[Event "Monarch Assurance Isle of Man 9th"]
[Site "Port Erin IOM"]
[Date "2000.10.18"]
[Round "5.15"]
[White "Reinemer, Frank"]
[Black "Garces, Diego"]
[Result "1-0"]
[WhiteElo "2186"]
[BlackElo "2154"]
[PlyCount "63"]
[EventDate "2000.10.14"]
[EventType "swiss"]
[EventRounds "9"]
[EventCountry "IOM"]
[SourceTitle "BritBase"]
[SourceDate "2008.07.14"]
[SourceVersion "1"]
[SourceVersionDate "2008.07.14"]
[SourceQuality "2"]

1. d4 Nf6 2. c4 c5 3. d5 b5 4. cxb5 a6 5. Nc3 axb5 6. e4 b4 7. Nb5 d6 8. Bf4 g5
9. Bxg5 Nxe4 10. Bf4 Bg7 11. Qe2 Nf6 12. Nxd6+ Kf8 13. Nxc8 Qxc8 14. d6 e6 15.
g3 Nc6 16. Bg2 b3 17. Nf3 Rxa2 18. O-O Nd5 19. Ne5 Nd4 20. Qh5 Bxe5 21. Bxe5
Qa8 22. Bxd4 cxd4 23. Qh6+ Ke8 24. Bxd5 Qxd5 25. Qf6 Qxd6 26. Qxh8+ Ke7 27.
Rxa2 bxa2 28. Qa8 Qd5 29. Qxd5 exd5 30. Ra1 d3 31. Rxa2 d2 32. Ra1 1-0

[Event "Monarch Assurance Isle of Man 9th"]
[Site "Port Erin IOM"]
[Date "2000.10.18"]
[Round "5.16"]
[White "Johnson, Paul A"]
[Black "Goodger, Martyn"]
[Result "1/2-1/2"]
[WhiteElo "1728"]
[BlackElo "2148"]
[PlyCount "77"]
[EventDate "2000.10.14"]
[EventType "swiss"]
[EventRounds "9"]
[EventCountry "IOM"]
[SourceTitle "BritBase"]
[SourceDate "2008.07.14"]
[SourceVersion "1"]
[SourceVersionDate "2008.07.14"]
[SourceQuality "2"]

1. d4 f5 2. Nf3 Nf6 3. c4 g6 4. Nc3 Bg7 5. g3 d6 6. Bg2 O-O 7. O-O Qe8 8. Re1
Qf7 9. d5 Ne4 10. Nb5 e5 11. dxe6 Bxe6 12. Ng5 Nxg5 13. Bxg5 Nc6 14. Bd5 Rae8
15. Qd2 a6 16. Nc3 Ne5 17. b3 Bxd5 18. cxd5 Ng4 19. h3 Nf6 20. Bxf6 Qxf6 21.
Rac1 f4 22. Qxf4 Qxf4 23. gxf4 Rxf4 24. e3 Rf5 25. Red1 Bxc3 26. Rxc3 Re7 27.
Rd4 Kf8 28. e4 Rf4 29. f3 Ke8 30. Kg2 Kd8 31. a4 a5 32. b4 axb4 33. Rxb4 b6 34.
Rb5 Ke8 35. a5 bxa5 36. Rxa5 Kf8 37. Ra8+ Kg7 38. Ra7 Rff7 39. Ra1 1/2-1/2

[Event "Monarch Assurance Isle of Man 9th"]
[Site "Port Erin IOM"]
[Date "2000.10.18"]
[Round "5.17"]
[White "Yurenok, Maria"]
[Black "Fraser-Mitchell, Jeremy"]
[Result "1-0"]
[WhiteElo "2058"]
[BlackElo "2113"]
[PlyCount "161"]
[EventDate "2000.10.14"]
[EventType "swiss"]
[EventRounds "9"]
[EventCountry "IOM"]
[SourceTitle "BritBase"]
[SourceDate "2008.07.14"]
[SourceVersion "1"]
[SourceVersionDate "2008.07.14"]
[SourceQuality "2"]

1. d4 Nf6 2. Nf3 d5 3. Bg5 Ne4 4. Bf4 c5 5. c3 Qb6 6. Qb3 Nc6 7. e3 c4 8. Qxb6
axb6 9. Nbd2 Bf5 10. Nxe4 Bxe4 11. Nd2 Bg6 12. Be2 e6 13. O-O Be7 14. f3 O-O
15. e4 b5 16. a3 h6 17. Bg3 Ra6 18. exd5 exd5 19. f4 Bf5 20. Bf2 Bd6 21. g3
Rfa8 22. Rac1 Ne7 23. Bf3 Bd3 24. Rfe1 f5 25. Rxe7 Bxe7 26. Bxd5+ Kf8 27. Bxb7
R8a7 28. Bxa6 Rxa6 29. Re1 Bf6 30. Nf3 Be4 31. Ne5 Be7 32. g4 g6 33. Be3 fxg4
34. Nxg4 h5 35. Ne5 Bf5 36. Rd1 Bd6 37. Kf2 Ra8 38. h4 Kg7 39. Rd2 Kf6 40. Nf3
Re8 41. d5 Kf7 42. Nd4 Bd7 43. Re2 Be7 44. Kg3 Bf6 45. Nc2 Bf5 46. Nb4 Be7 47.
Nc6 Bf6 48. Re1 Bg4 49. Bf2 Rxe1 50. Bxe1 Bf5 51. Kf3 Ke8 52. Bf2 Bg4+ 53. Ke4
Bf5+ 54. Ke3 Bh3 55. Ne5 Bf5 56. d6 Bd8 57. Kf3 Bf6 58. Kg3 Bxe5 59. fxe5 Kd7
60. Kf4 Kc6 61. Kg5 Kd7 62. Kf6 Bg4 63. Kxg6 Ke6 64. Bg3 Bf3 65. Kg5 Bg4 66.
Kf4 Kd5 67. Bf2 Kc6 68. Ke4 Be6 69. Kd4 Bg4 70. a4 bxa4 71. Kxc4 Be6+ 72. Kd4
Kb5 73. c4+ Kc6 74. Kc3 Bg4 75. Kb4 Bd1 76. Be3 Bb3 77. Bg5 Ba2 78. Be7 Kd7 79.
Kc5 Bb3 80. Kd5 Ke8 81. Bg5 1-0

[Event "Monarch Assurance Isle of Man 9th"]
[Site "Port Erin IOM"]
[Date "2000.10.18"]
[Round "5.18"]
[White "Van Kemenade, Rudy"]
[Black "Benson, Paul"]
[Result "1-0"]
[WhiteElo "2080"]
[BlackElo "2011"]
[PlyCount "45"]
[EventDate "2000.10.14"]
[EventType "swiss"]
[EventRounds "9"]
[EventCountry "IOM"]
[SourceTitle "BritBase"]
[SourceDate "2008.07.14"]
[SourceVersion "1"]
[SourceVersionDate "2008.07.14"]
[SourceQuality "2"]

1. e4 e6 2. d4 d5 3. Nc3 Nf6 4. e5 Nfd7 5. f4 c5 6. dxc5 Nc6 7. a3 Bxc5 8. Qg4
Bxg1 9. Qxg7 Qb6 10. Qxh8+ Ke7 11. Nd1 Nd4 12. Bd3 Nc5 13. Qxh7 Ne4 14. Kf1 Nf5
15. Bxe4 dxe4 16. Rxg1 Bd7 17. a4 Bxa4 18. b3 Bb5+ 19. c4 Qd4 20. Ba3+ Kd8 21.
Nb2 Qe3 22. Rd1+ Kc7 23. Qxf7+ 1-0

[Event "Monarch Assurance Isle of Man 9th"]
[Site "Port Erin IOM"]
[Date "2000.10.18"]
[Round "5.19"]
[White "Shepherd, Michael"]
[Black "Sedgwick, David"]
[Result "0-1"]
[WhiteElo "2035"]
[BlackElo "2091"]
[PlyCount "62"]
[EventDate "2000.10.14"]
[EventType "swiss"]
[EventRounds "9"]
[EventCountry "IOM"]
[SourceTitle "BritBase"]
[SourceDate "2008.07.14"]
[SourceVersion "1"]
[SourceVersionDate "2008.07.14"]
[SourceQuality "2"]

1. d4 d5 2. c4 e5 3. dxe5 d4 4. Nf3 Nc6 5. g3 Be6 6. Nbd2 Qd7 7. Bg2 O-O-O 8.
O-O h5 9. b4 Bxb4 10. Qa4 h4 11. Rb1 hxg3 12. fxg3 Bh3 13. Rxb4 Nxb4 14. Qxb4
Bxg2 15. Kxg2 Ne7 16. Ne4 Nc6 17. Qc5 d3 18. e3 Qg4 19. Nf2 Qh5 20. Bd2 g5 21.
Bc3 d2 22. Rb1 d1=Q 23. Nxd1 Qh3+ 24. Kg1 Qf5 25. Qb5 Qxf3 26. Qxb7+ Kd7 27.
Nf2 Rb8 28. Rd1+ Qxd1+ 29. Nxd1 Rxb7 30. e6+ Kxe6 31. Bxh8 Rb1 0-1

[Event "Monarch Assurance Isle of Man 9th"]
[Site "Port Erin IOM"]
[Date "2000.10.18"]
[Round "5.20"]
[White "Rattray, Ross"]
[Black "Hill, David F"]
[Result "1/2-1/2"]
[WhiteElo "2109"]
[BlackElo "1992"]
[PlyCount "73"]
[EventDate "2000.10.14"]
[EventType "swiss"]
[EventRounds "9"]
[EventCountry "IOM"]
[SourceTitle "BritBase"]
[SourceDate "2008.07.14"]
[SourceVersion "1"]
[SourceVersionDate "2008.07.14"]
[SourceQuality "2"]

1. e4 c5 2. d4 cxd4 3. c3 dxc3 4. Nxc3 e6 5. Bc4 a6 6. Nf3 Bc5 7. a3 Qc7 8. Qe2
Ne7 9. O-O b5 10. Ba2 Nbc6 11. Bg5 f6 12. Bh4 Ng6 13. Bg3 Bd6 14. Rac1 Bxg3 15.
hxg3 O-O 16. Rfd1 b4 17. Na4 Rb8 18. Nc5 bxa3 19. bxa3 Nge5 20. Nxe5 fxe5 21.
Nxa6 Bxa6 22. Qxa6 Rb2 23. Bxe6+ dxe6 24. Qxc6 Qxc6 25. Rxc6 Rfxf2 26. Rc8+ Kf7
27. Rf1 Rxf1+ 28. Kxf1 Ra2 29. Ra8 Ke7 30. Kg1 Kd6 31. Ra7 g6 32. Kh2 h5 33.
Kh3 g5 34. g4 hxg4+ 35. Kxg4 Rxg2+ 36. Kf3 Ra2 37. Kg4 1/2-1/2

[Event "Monarch Assurance Isle of Man 9th"]
[Site "Port Erin IOM"]
[Date "2000.10.18"]
[Round "5.21"]
[White "Hughes, Andrew"]
[Black "Spanton, Tim"]
[Result "0-1"]
[WhiteElo "2043"]
[BlackElo "2081"]
[PlyCount "78"]
[EventDate "2000.10.14"]
[EventType "swiss"]
[EventRounds "9"]
[EventCountry "IOM"]
[SourceTitle "BritBase"]
[SourceDate "2008.07.14"]
[SourceVersion "1"]
[SourceVersionDate "2008.07.14"]
[SourceQuality "2"]

1. e4 c5 2. d4 cxd4 3. c3 g6 4. cxd4 d5 5. e5 Nc6 6. Nc3 Nh6 7. g3 Bg7 8. Bg2
e6 9. Nge2 O-O 10. Bf4 f6 11. exf6 Qxf6 12. Qd2 Nf5 13. Bg5 Qf7 14. O-O-O Nfxd4
15. Nf4 h6 16. Nxe6 Bxe6 17. Bxh6 Qxf2 18. Bxg7 Kxg7 19. Bxd5 Qxd2+ 20. Rxd2
Bxd5 21. Nxd5 Rac8 22. Kb1 Rcd8 23. Nf4 g5 24. Nh5+ Kg6 25. g4 Ne6 26. Rhd1
Rxd2 27. Rxd2 Ned4 28. b3 Rf1+ 29. Kb2 Re1 30. Ng3 Re7 31. Kc3 Rc7 32. Kc4 Ne5+
33. Kd5 Ndf3 34. Rf2 Rd7+ 35. Ke6 Rd4 36. h3 Rf4 37. Kd5 Nc6 38. Nf5 Kf6 39.
Nd6 Nb4+ 0-1

[Event "Monarch Assurance Isle of Man 9th"]
[Site "Port Erin IOM"]
[Date "2000.10.18"]
[Round "5.22"]
[White "Nicholson, John"]
[Black "Schulz, Joerg"]
[Result "1-0"]
[WhiteElo "2021"]
[BlackElo "1600"]
[PlyCount "89"]
[EventDate "2000.10.14"]
[EventType "swiss"]
[EventRounds "9"]
[EventCountry "IOM"]
[SourceTitle "BritBase"]
[SourceDate "2008.07.14"]
[SourceVersion "1"]
[SourceVersionDate "2008.07.14"]
[SourceQuality "2"]

1. e4 c5 2. Nf3 d6 3. c3 Nf6 4. d3 Qa5 5. Na3 b5 6. Bd2 Nc6 7. d4 a6 8. Bd3 Bg4
9. h3 Bh5 10. Qe2 e6 11. Nxb5 axb5 12. Bxb5 Qb6 13. d5 Rc8 14. Bxc6+ Rxc6 15.
dxc6 Qxc6 16. b4 Nxe4 17. b5 Qb7 18. a4 Be7 19. c4 O-O 20. Ra3 d5 21. O-O dxc4
22. g4 Bg6 23. Qxc4 Rd8 24. Bf4 h5 25. Re1 hxg4 26. hxg4 Nf6 27. Be5 Be4 28.
Bxf6 Bxf3 29. Qf4 Bd5 30. Bxe7 Qxe7 31. a5 Qh4 32. Qh2 Qf6 33. b6 c4 34. a6 Qb2
35. Rh3 g6 36. Qe5 Qxe5 37. Rxe5 Bc6 38. Rc5 Rd1+ 39. Kh2 Rh1+ 40. Kg3 Rg1+ 41.
Kf4 Bd5 42. Rxd5 exd5 43. b7 Rb1 44. a7 Kg7 45. b8=Q 1-0

[Event "Monarch Assurance Isle of Man 9th"]
[Site "Port Erin IOM"]
[Date "2000.10.19"]
[Round "6.1"]
[White "Kiriakov, Petr"]
[Black "Hebden, Mark"]
[Result "0-1"]
[WhiteElo "2525"]
[BlackElo "2505"]
[PlyCount "84"]
[EventDate "2000.10.14"]
[EventType "swiss"]
[EventRounds "9"]
[EventCountry "IOM"]
[SourceTitle "BritBase"]
[SourceDate "2008.07.14"]
[SourceVersion "1"]
[SourceVersionDate "2008.07.14"]
[SourceQuality "2"]

1. d4 Nf6 2. c4 g6 3. Nc3 Bg7 4. e4 d6 5. Nf3 O-O 6. Be2 e5 7. O-O Nc6 8. d5
Ne7 9. Ne1 Nd7 10. Be3 f5 11. f3 f4 12. Bf2 g5 13. a4 Rf6 14. a5 a6 15. Nd3 Rh6
16. Be1 Qe8 17. Nf2 Kh8 18. Na4 Ng8 19. Rc1 Bf8 20. b4 Ndf6 21. b5 Bd7 22. Nb2
Rg6 23. b6 cxb6 24. axb6 Rc8 25. g4 fxg3 26. hxg3 g4 27. fxg4 Nh6 28. Rc3 Nhxg4
29. Nxg4 Nxg4 30. Rcf3 Bg7 31. Rb3 Qe7 32. Bd2 Rg8 33. Qe1 Nf6 34. Bd1 Bh6 35.
Bxh6 Rxh6 36. Bf3 Bh3 37. Bg2 Qg7 38. Nd1 Ng4 39. Nf2 Bxg2 40. Nxg4 Qxg4 41.
Kxg2 Qh3+ 42. Kf2 Qh2+ 0-1

[Event "Monarch Assurance Isle of Man 9th"]
[Site "Port Erin IOM"]
[Date "2000.10.19"]
[Round "6.3"]
[White "Volkov, Sergey"]
[Black "Sherbakov, Ruslan"]
[Result "1/2-1/2"]
[WhiteElo "2554"]
[BlackElo "2558"]
[PlyCount "32"]
[EventDate "2000.10.14"]
[EventType "swiss"]
[EventRounds "9"]
[EventCountry "IOM"]
[SourceTitle "BritBase"]
[SourceDate "2008.07.14"]
[SourceVersion "1"]
[SourceVersionDate "2008.07.14"]
[SourceQuality "2"]

1. d4 Nf6 2. c4 e6 3. Nc3 c5 4. d5 exd5 5. cxd5 d6 6. Nf3 g6 7. e4 a6 8. Be2
Bg7 9. e5 dxe5 10. Nxe5 O-O 11. Bf4 Nbd7 12. Nc4 b5 13. Ne3 Nb6 14. d6 Bb7 15.
O-O Qd7 16. Bf3 Rad8 1/2-1/2